Instrucción sobre libertad cristiana y liberación /
Պահպանված է:
| Համատեղ հեղինակ: | |
|---|---|
| Ձևաչափ: | Գիրք |
| Լեզու: | իսպաներեն |
| Հրապարակվել է: |
Roma, Italia :
Congregación para la Doctrina de la Fe,
1986
|
| Խորագրեր: | |
| Ցուցիչներ: |
Չկան պիտակներ, Եղեք առաջինը, ով նշում է այս գրառումը!
|
MARC
| LEADER | 00000nam^a2200000^a^4500 | ||
|---|---|---|---|
| 001 | 000615906 | ||
| 005 | 20250609000000.0 | ||
| 009 | 20260526154218.142 | ||
| 037 | |a Acervo ITESO - Biblioteca | ||
| 041 | |a ESP | ||
| 082 | |a 262. 91 |b IGL CDF INL | ||
| 110 | |a Iglesia Católica. |b Congregación para la Doctrina de la Fe | ||
| 240 | 1 | 1 | |a [Instrucción sobre libertad cristiana y liberación] |
| 245 | 1 | 0 | |a Instrucción sobre libertad cristiana y liberación / |
| 264 | 1 | |a Roma, Italia : |b Congregación para la Doctrina de la Fe, |c 1986 | |
| 300 | |a 58 p. | ||
| 336 | |a texto |b txt |2 rdacontenido | ||
| 337 | |a sin mediación |b n |2 rdamedio | ||
| 338 | |a volumen |b nc |2 rdasoporte | ||
| 649 | |a XX | ||
| 650 | |a Iglesia Católica - |x Documentos Doctrinales | ||
| 650 | |a Documentos Pontificios | ||
| 650 | |a Libertad - |x Tema Principal | ||
| 650 | |a Teología de la Liberación | ||
| 650 | |a Catolicismo | ||
| 650 | |a Cristianismo | ||
| 650 | |a Religión | ||
| 910 | |a Fondo Ignacio González Luna Morfín | ||
| 920 | |a Impresos - Libros | ||
| 930 | |a Fondos Especiales | ||
| 905 | |a 136 | ||
| 901 | |a 615906-10 |b IT2 |c ESP |i D74240 |u 20250609 | ||
| 902 | |a https://opac.biblio.iteso.mx/vufind/Record/000615906 | ||